[Event "GMB"]
[Site "Bermuda BER"]
[Date "2002.01.27"]
[Round "6"]
[White "Nyback,T"]
[Black "De Vreugt,D"]
[Result "1/2-1/2"]
[WhiteElo "2448"]
[BlackElo "2446"]

1.Nf3 Nf6 2.c4 c5 3.Nc3 b6 4.e4 d6 5.d4 cxd4 6.Nxd4 Bb7 7.Bd3 g6 8.O-O Bg7
9.Be3 Nbd7 10.f3 Rc8 11.Rc1 O-O 12.b3 a6 13.Qd2 Re8 14.Rfd1 Qc7 15.Bf1 Qb8
16.b4 e6 17.Nb3 d5 18.cxd5 exd5 19.exd5 Bf8 20.Bf4 Ne5 21.Bg5 Ned7 22.Bf4 Ne5
23.Bg5  1/2-1/2

[Event "Kaissa Open"]
[Site "Kharkov UKR"]
[Date "2002.01.27"]
[Round "6"]
[White "Nester,I"]
[Black "Grinblat,D"]
[Result "1-0"]
[WhiteElo "2293"]
[BlackElo "2396"]

1.Nf3 c5 2.c4 Nf6 3.Nc3 e6 4.g3 b6 5.Bg2 Bb7 6.O-O Be7 7.d4 cxd4 8.Qxd4 d6
9.Rd1 a6 10.Bg5 Nbd7 11.Qd2 O-O 12.Bf4 e5 13.Bg5 Qc7 14.Rac1 Rac8 15.Nh4 g6
16.Bh6 Rfe8 17.Bxb7 Qxb7 18.Nf5 Rc6 19.Nd5 Nxd5 20.cxd5 Rxc1 21.Nxe7+ Rxe7
22.Rxc1 Nf6 23.Rc6 Rd7 24.Qc1 Rd8 25.Qg5 Qe7 26.Rc7  1-0

[Event "Kaissa Open"]
[Site "Kharkov UKR"]
[Date "2002.01.27"]
[Round "6"]
[White "Kalinski,I"]
[Black "Budnikov,O"]
[Result "0-1"]
[WhiteElo "2240"]
[BlackElo "2430"]

1.Nf3 Nf6 2.c4 c5 3.Nc3 d5 4.cxd5 Nxd5 5.d4 Nxc3 6.bxc3 g6 7.e4 Bg7 8.Be3 O-O
9.Rc1 Qa5 10.Qd2 Bg4 11.Be2 Nd7 12.d5 b5 13.O-O Rfd8 14.h3 Bxf3 15.Bxf3 c4
16.Rfd1 Qa3 17.Rc2 b4 18.cxb4 c3 19.Qe1 Qxb4 20.Rb1 Qc4 21.Rb7 Ne5 22.Rxe7 Bf6
23.Rb7 Nxf3+ 24.gxf3 Qc8 25.Rb4 Qxh3 26.Bd4 Bg5 27.Be3 Be7 28.Rc4 Qxf3 29.R2xc3 Bd6
30.Bd2 Qg4+ 31.Kf1 Be5 32.Rd3 Rab8 33.Qe2 Qh4 34.Qf3 Rb2 35.Ra4 Rb1+ 36.Ke2 Qe7
37.Qe3 Qc7 38.Rb3 Qc2 39.Rxb1 Qxa4 40.a3 Bd6 41.Qd3 Re8 42.Bb4 Qd7 43.Bxd6 Qxd6
44.Rb4 h5 45.Qf3 Qh2 46.d6 Rd8 47.Rd4 h4 48.Qe3 h3 49.Qg5 Rxd6 50.Rxd6 Qxd6  0-1

[Event "Torneo A"]
[Site "Montecatini Terme ITA"]
[Date "2002.01.30"]
[Round "6"]
[White "Djuric,S"]
[Black "Vismara,D"]
[Result "1-0"]
[WhiteElo "2487"]
[BlackElo "2343"]

1.c4 Nf6 2.Nc3 c5 3.Nf3 b6 4.e4 d6 5.d4 cxd4 6.Nxd4 Bb7 7.Bd3 e6 8.O-O Be7
9.Kh1 Nc6 10.Nxc6 Bxc6 11.Qe2 O-O 12.f4 Qc7 13.Bd2 Rfe8 14.Rae1 a6 15.Rf3 Nd7
16.Rh3 Nf8 17.e5 f5 18.exf6 Bxf6 19.Ne4 Bxe4 20.Bxe4 Rab8 21.Bb4 a5 22.Ba3 Rbd8
23.Qd3 g6 24.Rhe3 Qg7 25.Qd2 Bd4 26.Rd3 e5 27.Bd5+ Kh8 28.b3 h6 29.h3 Nh7
30.Bxd6 g5 31.fxe5 Bxe5 32.Bxe5 Rxe5 33.Rxe5 Qxe5 34.Re3 Qa1+ 35.Re1 Qf6
36.Qe3 Nf8 37.Re2 Rd6 38.Kh2 Qg7 39.Qe8 Rf6 40.Re7 Qg6 41.Bf7 Qg7 42.Bh5 Qg8
43.Qb8 Nh7 44.Qe5  1-0

[Event "Open"]
[Site "Bermuda BER"]
[Date "2002.02.03"]
[Round "5"]
[White "Nyback,T"]
[Black "Vuckovic,Bo"]
[Result "0-1"]
[WhiteElo "2448"]
[BlackElo "2455"]

1.Nf3 Nf6 2.c4 c5 3.Nc3 e6 4.g3 b6 5.Bg2 Bb7 6.O-O Be7 7.Re1 d6 8.e4 Nbd7
9.d4 cxd4 10.Nxd4 Qc7 11.Be3 Rc8 12.Rc1 Qb8 13.b3 O-O 14.f4 Rfe8 15.f5 exf5
16.Nxf5 Bf8 17.Nd5 Bxd5 18.exd5 b5 19.cxb5 Qxb5 20.Nd4 Rxc1 21.Qxc1 Qa6 22.Qd2 g6
23.Nc6 Ng4 24.Bxa7 Rxe1+ 25.Qxe1 Qxa2 26.b4 Nde5 27.Bd4 Qc4 28.Qf1 Qb3 29.Qe2 Bh6
30.h3 Be3+ 31.Bxe3 Nxe3 32.Nxe5 dxe5 33.Qd2 Nc4 34.Qe1 Qb2 35.Bf1 Qd4+ 36.Qf2 Qxd5
37.Qc5 Qxc5+ 38.bxc5 Ne3 39.Bd3 Kf8 40.Kf2 Nd5 41.Bc4 Nc7 42.g4 Ke7 43.Ke3 f5
44.Bg8 h6 45.Kd3 Ne6 46.gxf5 gxf5 47.Kc4 e4 48.c6 e3  0-1

[Event "FSFMA February"]
[Site "Budapest HUN"]
[Date "2002.02.03"]
[Round "2"]
[White "Hocevar,N"]
[Black "Szirmai,Ed"]
[Result "1/2-1/2"]
[WhiteElo "2134"]
[BlackElo "2154"]

1.c4 c5 2.Nc3 Nf6 3.Nf3 e6 4.g3 Nc6 5.Bg2 Be7 6.O-O O-O 7.d4 cxd4 8.Nxd4 Nxd4
9.Qxd4 d6 10.b3 Qa5 11.Bb2 Rd8 12.Rfd1 a6 13.Na4 Rb8 14.Bc3 Qc7 15.Qb6 Qxb6
16.Nxb6 Bd7 17.Nxd7  1/2-1/2

[Event "FSFMA February"]
[Site "Budapest HUN"]
[Date "2002.02.05"]
[Round "4"]
[White "Hocevar,N"]
[Black "Berczes,D"]
[Result "0-1"]
[WhiteElo "2134"]
[BlackElo "2146"]

1.c4 c5 2.Nf3 Nf6 3.Nc3 b6 4.g3 Bb7 5.Bg2 e6 6.O-O Be7 7.d4 cxd4 8.Qxd4 d6
9.b3 a6 10.Bb2 O-O 11.Rfd1 Qc7 12.Ne1 Nbd7 13.Rac1 Bxg2 14.Nxg2 Qb7 15.h3 Rfd8
16.Qe3 Bf8 17.Qf3 Qxf3 18.exf3 b5 19.Ne4 Ne8 20.Nd2 bxc4 21.Nxc4 a5 22.Nce3 d5
23.f4 a4 24.f5 axb3 25.axb3 Rab8 26.fxe6 fxe6 27.Nf4 Kf7 28.Rc6 Bd6 29.b4 Rxb4
30.Bc3 Rb3 31.Nd3 Nb8 32.Nc1 Rb1  0-1

[Event "Aeroflot Open"]
[Site "Moscow RUS"]
[Date "2002.02.05"]
[Round "2"]
[White "Mirovshchikov,S"]
[Black "Poluljahov,A"]
[Result "1/2-1/2"]
[WhiteElo "2402"]
[BlackElo "2527"]

1.Nf3 Nf6 2.c4 c5 3.Nc3 e6 4.g3 b6 5.Bg2 Bb7 6.O-O d6 7.b3 Nbd7 8.Bb2 Be7
9.d4 cxd4 10.Nxd4 Bxg2 11.Kxg2 Qc8 12.e3 Qb7+ 13.Qf3 Qxf3+ 14.Kxf3 Rc8 15.Rad1 a6
16.Ke2 h5 17.h3 Nc5 18.f3 g6 19.Nc2 Ncd7 20.Rc1 g5 21.Rh1 Rg8  1/2-1/2

[Event "Aeroflot Open"]
[Site "Moscow RUS"]
[Date "2002.02.05"]
[Round "2"]
[White "Kharlov,A"]
[Black "Korotylev,A"]
[Result "1-0"]
[WhiteElo "2638"]
[BlackElo "2564"]

1.c4 Nf6 2.Nc3 c5 3.Nf3 d5 4.cxd5 Nxd5 5.g3 Nc6 6.Bg2 Nc7 7.O-O e5 8.Ne1 Bd7
9.Nd3 Bd6 10.Ne4 Qe7 11.b3 O-O 12.Bb2 Rae8 13.Rc1 b6 14.b4 Nxb4 15.Nxb4 cxb4
16.d4 Bb5 17.Qc2 Ne6 18.Nxd6 Qxd6 19.dxe5 Qb8 20.f4 Rc8 21.Qd2 Rxc1 22.Rxc1 Rc8
23.f5 Rxc1+ 24.Qxc1 Nc5 25.Qd2 Bc4 26.e6 Qf8 27.Qd4  1-0

[Event "Aeroflot Open"]
[Site "Moscow RUS"]
[Date "2002.02.05"]
[Round "2"]
[White "Izoria,Z"]
[Black "Belov,Vl"]
[Result "1-0"]
[WhiteElo "2547"]
[BlackElo "2487"]

1.c4 Nf6 2.Nc3 c5 3.Nf3 e6 4.e3 Be7 5.d4 cxd4 6.exd4 d5 7.cxd5 Nxd5 8.Bc4 O-O
9.O-O Nc6 10.Re1 Bf6 11.Ne4 Nce7 12.Nxf6+ Nxf6 13.Bg5 Nf5 14.Qb3 h6 15.Bd2 Nd6
16.Bb4 Re8 17.Bd3 Nd5 18.Ba3 b6 19.Bxd6 Qxd6 20.Be4 Bb7 21.Ne5 Rac8 22.Rac1 Rxc1
23.Rxc1 Nf4 24.Qb5 Rd8 25.Bxb7 Qxd4 26.Rf1 a6 27.Bxa6 Rd5 28.Qe8+ Kh7 29.Nf3 Qxb2
30.Qxf7 Rf5 31.Qb7 Qxa2 32.g3 Nh3+ 33.Kg2 Qa3 34.Kxh3 Qxf3 35.Qxf3 Rxf3 36.Bb7  1-0

[Event "Aeroflot Open"]
[Site "Moscow RUS"]
[Date "2002.02.07"]
[Round "4"]
[White "Chernikov,O"]
[Black "Balashov,Y"]
[Result "1/2-1/2"]
[WhiteElo "2460"]
[BlackElo "2545"]

1.Nf3 Nf6 2.c4 e6 3.Nc3 c5 4.e3 d5 5.d4 a6 6.b3 Nc6 7.Bb2 cxd4 8.exd4 Be7
9.Be2 O-O 10.O-O b6 11.Ne5 Bb7 12.Bf3 Rc8 13.cxd5  1/2-1/2

[Event "Aeroflot Open"]
[Site "Moscow RUS"]
[Date "2002.02.07"]
[Round "4"]
[White "Kalinin,Al"]
[Black "Zavgorodniy,S"]
[Result "1/2-1/2"]
[WhiteElo "2512"]
[BlackElo "2407"]

1.Nf3 Nf6 2.c4 c5 3.Nc3 g6 4.d4 cxd4 5.Nxd4 Bg7 6.e4 d6 7.Be2 O-O 8.O-O Nc6
9.Be3 Bd7 10.Qd2 Nxd4 11.Bxd4 Bc6 12.Bd3 a5 13.Rfe1 Nd7 14.Bxg7 Kxg7 15.Re3 Qb6
16.Rh3 h5 17.Rxh5 Rh8 18.Rxh8 Rxh8 19.Bf1 Nf6 20.Re1 Qc5 21.Nd5 Ng4 22.h3 Ne5
23.Qe3 e6 24.Nc3 Qb4 25.f4 Nxc4 26.Qd4+ Ne5 27.Rd1 Qxd4+ 28.Rxd4 Nd7 29.Rxd6 Nc5
30.e5 g5 31.g3 gxf4 32.gxf4 Rh4 33.Rd4 Nd7 34.Ne2 Bb5 35.f5 Nxe5 36.Rxh4 Nf3+
37.Kf2 Nxh4 38.fxe6 fxe6 39.Nd4 Bd7 40.Kg3 Ng6 41.Bb5 e5 42.Bxd7 exd4 43.Bf5 Ne5
44.Kf4 Kf6 45.Bc8 Nd3+ 46.Ke4 Nxb2 47.Kxd4 b6 48.Bd7 Nd1 49.Bg4 Nf2 50.Bd7 Ke7
51.Bc8 b5 52.Kc5 b4  1/2-1/2

[Event "Aeroflot Open"]
[Site "Moscow RUS"]
[Date "2002.02.07"]
[Round "5"]
[White "Nadanian,A"]
[Black "Dolmatov,S"]
[Result "1/2-1/2"]
[WhiteElo "2407"]
[BlackElo "2588"]

1.Nf3 e6 2.c4 c5 3.Nc3 Nf6 4.g3 b6 5.Bg2 Bb7 6.O-O Be7 7.d4 cxd4 8.Nxd4 Bxg2
9.Kxg2 a6 10.Qd3 O-O 11.Rd1 Qc7 12.b3 Nc6  1/2-1/2

[Event "Aeroflot Open"]
[Site "Moscow RUS"]
[Date "2002.02.08"]
[Round "6"]
[White "Shchekachev,A"]
[Black "Belov,Vl"]
[Result "0-1"]
[WhiteElo "2573"]
[BlackElo "2487"]

1.Nf3 Nf6 2.c4 c5 3.Nc3 e6 4.g3 b6 5.Bg2 Bb7 6.O-O d6 7.Re1 Be7 8.e4 a6 9.d4 cxd4
10.Nxd4 Qc7 11.Be3 Nbd7 12.f4 Rc8 13.Rc1 Qb8 14.Qe2 O-O 15.f5 exf5 16.Nxf5 Rfe8
17.Nd5 Bf8 18.Bd4 Bxd5 19.cxd5 Rxc1 20.Rxc1 g6 21.Ne3 Nxe4 22.Qxa6 Bg7 23.Bxg7 Kxg7
24.Qb5 Nef6 25.Nf1 Qd8 26.b4 Ng4 27.Qc4 Nge5 28.Qd4 b5 29.Nd2 Nf6 30.Nb3  0-1

[Event "13th Asian Cities"]
[Site "Aden YEM"]
[Date "2002.02.09"]
[Round "4"]
[White "Sarsam,S"]
[Black "Ghaem Maghami,E"]
[Result "0-1"]
[WhiteElo "2404"]
[BlackElo "2513"]

1.c4 Nf6 2.Nc3 c5 3.Nf3 e6 4.e3 Nc6 5.d4 d5 6.a3 a6 7.dxc5 Bxc5 8.b4 Ba7
9.Be2 O-O 10.O-O dxc4 11.Bxc4 b5 12.Bb3 Qe7 13.Qe2 Bb7 14.Bb2 Rac8 15.Rfd1 Bb8
16.Rac1 Ng4 17.Nb1 Kh8 18.Nbd2 f6 19.Nf1 Nge5 20.Nd4 Nxd4 21.Bxd4 Bd6 22.f3 Rxc1
23.Rxc1 Bd5 24.Bxe5 Bxe5 25.Bxd5 exd5 26.Qd3 Rd8 27.Ng3 Bb8 28.Nf5 Qe5 29.g3 Re8
30.Kf2 Ba7 31.Nd4 Qh5 32.h4 Qf7 33.Rc2 Qd7 34.Qf5 Qe7 35.Qe6 Qxe6 36.Nxe6 Bxe3+
37.Kxe3 Rxe6+ 38.Kd4 g5 39.hxg5 fxg5 40.Rc3 h5 41.Kxd5 Rh6 42.f4 gxf4 43.gxf4 h4
44.Rh3 Kg7 45.Ke5 Kg6 46.f5+ Kf7 47.Kf4 Kf6 48.Kg4 Rh8 49.Kf4 Rc8 50.Rd3 Rc4+
51.Kf3 Ke5  0-1

[Event "FSFMB February"]
[Site "Budapest HUN"]
[Date "2002.02.11"]
[Round "10"]
[White "Gyenes,I"]
[Black "Juracsik,J"]
[Result "0-1"]
[WhiteElo "2018"]
[BlackElo "2209"]

1.c4 Nf6 2.Nc3 c5 3.Nf3 g6 4.g3 Bg7 5.Bg2 Nc6 6.O-O O-O 7.d3 d6 8.Bd2 Rb8
9.Qc1 a6 10.Bh6 Ng4 11.Bxg7 Kxg7 12.Qd2 Nd4 13.Ne1 b5 14.e3 Ne6 15.Nd5 Nc7
16.Qc3+ Kg8 17.Nf4 Bb7 18.e4 e5 19.Ne2 f5 20.h3 Nf6 21.f3 Ne6 22.Qd2 f4 23.g4 b4
24.b3 h6 25.Nc2 Nh7 26.Qe1 g5 27.Kf2 h5 28.gxh5 Nf6 29.h4 g4 30.fxg4 Nxg4+
31.Kg1 Kh8 32.Kh1 Qe7 33.Bh3 Rg8 34.Rg1 Nf6 35.Rg6 Rxg6 36.hxg6 Nxe4 37.Kh2 Nf6
38.Qf2 Kg7 39.Rg1 Rh8 40.Ne1 Rh6 41.Nc2 a5 42.a3 Nf8 43.axb4 axb4 44.Qe1 Ng8
45.Rg5 Rxg6 46.Nxf4 exf4 47.Qa1+ Nf6 48.Bg4 Nh7 49.Rxg6+ Kxg6 50.Qg1 Kf7
51.Bd1 Qe5 52.d4 Qf5 53.dxc5 dxc5 54.Ne1 f3 55.Qg3 Ng4+ 56.Kg1 f2+ 57.Kf1 fxe1=Q+
58.Kxe1 Qe5+ 59.Qxe5 Nxe5 60.Kf2 Kf6 61.Ke3 Nf8 62.h5 Ne6 63.Bc2 Kg5 64.Bd1 Ng7
65.Bc2 Nxh5 66.Be4 Bc8 67.Bc2 Bf5 68.Bd1 Nf6 69.Kd2 Kf4 70.Be2 Ne4+ 71.Kc1 Ke3
72.Bh5 Kd3 73.Kb2 Kd2 74.Be8 Bg6 75.Ba4 Bf7 76.Ka1 Kc3 77.Ka2 Nd6 78.Ka1 Be8
79.Bxe8 Nxe8 80.Ka2 Kc2  0-1

[Event "XVIII Open"]
[Site "Cappelle la Grande FRA"]
[Date "2002.02.11"]
[Round "3"]
[White "Kalod,R"]
[Black "Kveinys,A"]
[Result "0-1"]
[WhiteElo "2462"]
[BlackElo "2555"]

1.Nf3 Nf6 2.c4 c5 3.Nc3 e6 4.e3 d5 5.d4 a6 6.cxd5 exd5 7.Be2 Nc6 8.O-O Bd6
9.dxc5 Bxc5 10.b3 O-O 11.Bb2 Re8 12.Rc1 Ba7 13.Qd3 Qd6 14.Rfd1 Be6 15.Bf1 Rad8
16.Ne2 Bg4 17.Ned4 Nb4 18.Qb1 Ne4 19.Ba3 Bb8 20.Bd3 a5 21.Bxe4 dxe4 22.Nc6 Qh6
23.Ne7+ Kf8 24.Rxd8 Rxd8 25.Qxe4 Qe6 26.Qxh7 Kxe7 27.Qxg7 Bxf3 28.Qg5+ Ke8
29.gxf3 Nc6 30.Qg8+ Kd7 31.Rd1+ Kc8 32.Rxd8+ Nxd8 33.Qg4 f5 34.Qg5 Be5 35.Kg2 Kd7
36.Bf8 Qf6 37.Qxf6 Bxf6 38.f4 Ne6 39.Ba3 Nc7 40.Bc1 Nd5 41.Kf3 Nc3 42.a3 Ne4
43.Ke2 Nc5 44.b4 Nb3 45.Kd1 a4 46.Kc2 Nxc1 47.Kxc1 Kc6 48.f3 Kd5 49.Kc2 Kc4
50.h3 b5 51.e4 Be7 52.Kb2 Kd3 53.exf5 Bf6+ 54.Ka2 Kc3 55.h4 Bxh4  0-1

[Event "XVIII Open"]
[Site "Cappelle la Grande FRA"]
[Date "2002.02.12"]
[Round "4"]
[White "Chuchelov,V"]
[Black "Totsky,L"]
[Result "1/2-1/2"]
[WhiteElo "2600"]
[BlackElo "2490"]

1.Nf3 c5 2.c4 Nf6 3.Nc3 e6 4.g3 b6 5.Bg2 Bb7 6.O-O Nc6 7.e4 d6 8.d4 e5 9.d5 Nd4
10.b4 Nxf3+ 11.Bxf3 cxb4 12.Qa4+ Nd7 13.Qxb4 Be7 14.Be3 O-O 15.Rab1 a5 16.Qb3 Ba6
17.Be2 Rb8 18.h4 Nc5 19.Qc2 Bc8 20.Na4 Bh3 21.Rfd1 Qc7 22.Rb2 Bd7 23.Nxc5 bxc5
24.Rdb1 Rfc8 25.Kh2 a4 26.a3 Qa7 27.Bf1 Rd8 28.Bh3 Be8 29.Bd2 h6 30.Qc3 Kf8
31.Kg1 Rxb2 32.Qxb2 Qa6 33.Bf1 Ra8 34.Qb7 Bd8 35.Bh3 Ra7 36.Qxa6 Rxa6 37.Rb8 Ke7
38.Rb7+ Kf8 39.Rb8 Ke7 40.Rb7+ Kf8 41.Bd7 Bxd7 42.Rxd7 Ke8 43.Rb7 h5 44.Kf1 g6
45.Ke2 Be7 46.Kd3 Bd8 47.Kc2 Be7 48.Bg5 f6 49.Bd2 Kf7 50.f3 Ke8 51.g4 Ra8
52.gxh5 gxh5 53.f4 Ra6 54.Be3 Ra8 55.fxe5 fxe5 56.Bg5 Bf8 57.Rh7 Ra6 58.Rxh5 Rb6
59.Rh8 Kf7 60.Rh7+ Bg7 61.Bh6 Kg6 62.Rxg7+ Kxh6 63.Ra7 Kh5 64.Rxa4 Kxh4 65.Ra8 Kg5
66.Rf8 Kg4 67.Rf1 Kg5 68.Kc3 Kg4 69.a4 Kg5 70.a5 Ra6 71.Ra1 Kf4 72.Kd3 Kf3
73.Rf1+ Kg4 74.Ra1 Kf4  1/2-1/2

[Event "XVIII Open"]
[Site "Cappelle la Grande FRA"]
[Date "2002.02.12"]
[Round "4"]
[White "Clery,N"]
[Black "Kalod,R"]
[Result "0-1"]
[WhiteElo "2319"]
[BlackElo "2462"]

1.Nf3 Nf6 2.c4 c5 3.Nc3 g6 4.b3 Bg7 5.Bb2 d6 6.e3 O-O 7.Be2 e5 8.h4 Re8 9.d3 Nc6
10.a3 a6 11.Ng5 b5 12.Bf3 Bb7 13.h5 Rb8 14.hxg6 hxg6 15.Rb1 Ba8 16.Nge4 Nh7
17.Nd2 Qd7 18.O-O f5 19.Bd5+ Kf8 20.cxb5 axb5 21.a4 b4 22.Nb5 Nf6 23.Bf3 Kg8
24.Rc1 g5 25.g3 g4 26.Bg2 Na7 27.Bxa8 Rxa8 28.Nxa7 Rxa7 29.Qc2 Raa8 30.Nc4 Rad8
31.Rfe1 Kf8 32.Nd2 Nh7 33.Qc4 Qb7 34.d4 exd4 35.exd4 Ng5 36.Qd3 Nh3+ 37.Kh2 Qf7
38.Kg2 Qd5+ 39.Kh2 Nxf2 40.Qf1 Kf7 41.Rxe8 Rxe8 42.Qc4 Qxc4 43.Nxc4 Re2 44.a5 d5
45.a6 dxc4 46.a7 Nd3+ 47.Kh1 Re8 48.Rxc4 Ra8 49.dxc5 Nxb2  0-1

[Event "ch-Serbia"]
[Site "Leskovac YUG"]
[Date "2002.02.15"]
[Round "1"]
[White "Bogosavljevic,B"]
[Black "Antic,D"]
[Result "0-1"]
[WhiteElo "2273"]
[BlackElo "2470"]

1.Nf3 Nf6 2.c4 c5 3.Nc3 d5 4.cxd5 Nxd5 5.d4 Nxc3 6.bxc3 g6 7.e4 Bg7 8.Bc4 O-O
9.O-O Bg4 10.Rb1 Nc6 11.Bd5 cxd4 12.Rxb7 Qc8 13.Rb5 e6 14.Bb3 dxc3 15.Rc5 Qb7
16.Ba4 Nd4 17.Rxc3 Nxf3+ 18.Rxf3 Qxe4 19.Rf4 Qxf4 20.Bxf4 Bxd1 21.Rxd1 Rfd8
22.Rb1 Rd4 23.Bc6 Rad8  0-1

[Event "ch-Serbia w"]
[Site "Leskovac YUG"]
[Date "2002.02.15"]
[Round "1"]
[White "Kostic,M"]
[Black "Urosevic,M"]
[Result "1/2-1/2"]
[WhiteElo "2172"]
[BlackElo "2039"]

1.c4 Nf6 2.Nc3 c5 3.Nf3 b6 4.d4 cxd4 5.Nxd4 Bb7 6.f3 e6 7.e4 d6 8.Be3 a6
9.Be2 Nbd7 10.O-O Qc7 11.Rc1 Be7 12.Qd2 O-O 13.Rfd1 Rac8 14.Bf1 Rfe8 15.Kh1 Qb8
16.Nc2 h6 17.b3 Bd8 18.Bf4 Ne5 19.Bxe5 dxe5 20.Na4 Bc6 21.Nb4 Bxa4 22.bxa4 a5
23.Na6 Qa7 24.c5 bxc5 25.Bb5 Rf8 26.Qd6 Be7 27.Qxe5 Rfd8 28.Qc3  1/2-1/2

[Event "Open"]
[Site "Malaga ESP"]
[Date "2002.02.25"]
[Round "4"]
[White "Labollita,M"]
[Black "Suba,M"]
[Result "1/2-1/2"]
[WhiteElo "2398"]
[BlackElo "2528"]

1.Nf3 c5 2.c4 Nf6 3.Nc3 e6 4.g3 b6 5.Bg2 Bb7 6.O-O d6 7.Re1 Be7 8.e4 Nbd7
9.d4 cxd4 10.Nxd4 Qc7 11.f4 Rd8 12.g4 h6 13.Be3 a6 14.Rc1 Qb8 15.Bf2 Rc8
16.b3 Qa8 17.h3 Nc5 18.Qe2 O-O 19.f5 e5 20.Nc2 b5 21.Nd5 Nxd5 22.cxd5 Bg5
23.Be3 Nd7 24.Red1 Rc3 25.Bxg5 hxg5 26.Qd2 Qa7+ 27.Kf1 b4 28.Ne1 a5 29.Bf3 Ba6+
30.Kg2 Rfc8 31.Qxg5 f6 32.Qd2 Qd4 33.Rb1 Bd3 34.Rb2 Nc5 35.Qf2 Qxf2+ 36.Rxf2 Bxe4
37.Bxe4 Nxe4 38.Re2 Ng5 39.Rd3 R8c5 40.h4 Nf7 41.Red2 Nh6 42.Rg3 Kf7 43.Kf2 Ke8
44.Rg2 Rh3 45.Nc2 Rcc3 46.Re2 Rhf3+ 47.Ke1 Kd8 48.Re4 Rf4 49.Rxf4 exf4 50.Nd4 Ke7
51.g5 Nf7 52.gxf6+ Kxf6 53.Rg6+ Ke5 54.Rxg7 Nh6 55.Rg6 Nxf5 56.Nxf5 Kxf5
57.Rxd6 Kg4 58.Rg6+ Kxh4 59.d6 f3 60.d7 Rd3 61.Rg7 Kh5 62.Kf2 Kh6 63.Re7 Kg5
64.Kg3 Kf6 65.Rh7 Ke6 66.Rh5 Kxd7 67.Rxa5 Kc6 68.a3 bxa3 69.Rxa3 Kd5 70.Ra4 Ke5
71.Rb4 Rc3 72.Rb8 Ke4 73.Re8+ Kd4 74.b4 Rb3 75.b5 Rxb5 76.Kxf3  1/2-1/2

[Event "Open"]
[Site "Cannes FRA"]
[Date "2002.02.26"]
[Round "3"]
[White "Neverov,V"]
[Black "Shirazi,K"]
[Result "0-1"]
[WhiteElo "2578"]
[BlackElo "2455"]

1.Nf3 c5 2.c4 Nf6 3.Nc3 b6 4.e4 Bb7 5.d3 g6 6.Be2 Bg7 7.O-O O-O 8.Ng5 Nc6
9.f4 Nd4 10.Kh1 e6 11.Nf3 d6 12.Nxd4 cxd4 13.Nb5 Ne8 14.Bf3 Qd7 15.Bd2 e5
16.fxe5 Bxe5 17.Bh6 Ng7 18.Qd2 f5 19.exf5 Rxf5 20.Bxg7 Rxf3 21.Rxf3 Kxg7
22.Raf1 Bxf3 23.Rxf3 Re8 24.Rf1 d5 25.Na3 Bd6 26.Nb5 Bb8 27.Nxd4 dxc4 28.dxc4 Kg8
29.b3 Rd8 30.Rd1 Qc7 31.g3 Qb7+ 32.Kg1 Be5  0-1

[Event "2nd HCC"]
[Site "Helsinki FIN"]
[Date "2002.02.27"]
[Round "3"]
[White "Lehikoinen,P"]
[Black "Nyysti,S"]
[Result "1-0"]
[WhiteElo "2229"]
[BlackElo "2245"]

1.c4 Nf6 2.Nc3 c5 3.Nf3 b6 4.e3 g6 5.d4 Bg7 6.d5 e6 7.e4 exd5 8.exd5 O-O
9.Be2 d6 10.O-O a6 11.h3 Ra7 12.Bg5 h6 13.Be3 Re8 14.Qd2 Kh7 15.Bd3 Bf5 16.Bxf5 gxf5
17.Nh4 Ne4 18.Nxe4 fxe4 19.Nf5 Qf6 20.Nxg7 Qxg7 21.f3 Qg6 22.fxe4 Rxe4 23.b3 Rae7
24.Rf3 Nd7 25.Raf1 f6 26.Kh2 Rg7 27.Bf4 Ne5 28.Rg3 Qh5 29.Qc2 f5 30.Bxe5 Rxe5
31.Rgf3 Rg5 32.R1f2 Kg7 33.b4 cxb4 34.Qa4 Qf7 35.Qxa6 Qc7 36.a3 bxa3 37.Rxa3 Kh7
38.Qb5 Rg7 39.Raf3 Re4 40.Rxf5 Rxc4 41.Rf8 Re7 42.Qb2  1-0

[Event "ONCE Blind"]
[Site "Linares ESP"]
[Date "2002.03.02"]
[Round "7"]
[White "Blasco Frasquet,R"]
[Black "Martinez Garcia,Jose ESP"]
[Result "1/2-1/2"]
[WhiteElo "2096"]
[BlackElo "2180"]

1.c4 c5 2.Nf3 Nf6 3.Nc3 d5 4.cxd5 Nxd5 5.e4 Nxc3 6.dxc3 Qxd1+ 7.Kxd1 Nc6
8.Be3 e6 9.Kc2 Bd7 10.Rd1 h6 11.Be2 O-O-O 12.Rd2 Be7 13.Rhd1 Be8 14.h3 Rxd2+
15.Nxd2 Bd7 16.Nc4 f6 17.Nd6+ Bxd6 18.Rxd6 b6 19.Bb5 Kc7 20.Rd2 g5 21.Bxc6 Bxc6
22.f3  1/2-1/2

[Event "TCh-ISR"]
[Site "ISR"]
[Date "2002.03.09"]
[Round "6"]
[White "Bruk,O"]
[Black "Maryasin,B"]
[Result "1-0"]
[WhiteElo "2406"]
[BlackElo "2398"]

1.Nf3 Nf6 2.c4 c5 3.Nc3 e6 4.g3 b6 5.Bg2 Bb7 6.O-O Be7 7.d4 cxd4 8.Qxd4 d6
9.Bg5 h6 10.Bxf6 Bxf6 11.Qf4 Bxc3 12.bxc3 Qc7 13.Nd4 Bxg2 14.Nb5 Qe7 15.Nxd6+ Kf8
16.Kxg2 Nc6 17.Rfd1 Rd8 18.Nb5 g5 19.Qe4 Rc8 20.Rd6 Na5 21.Rad1 Nxc4 22.Rd7 Qc5
23.Nxa7 Re8 24.Qb7 Qf5 25.Rc7 Ne5 26.Nc8 Qg6 27.Nd6 Rd8 28.Nxf7 Rxd1 29.Rc8+  1-0

[Event "National Open"]
[Site "Las Vegas USA"]
[Date "2002.03.09"]
[Round "4"]
[White "Georgiev,Vl"]
[Black "Andrianov,N"]
[Result "1-0"]
[WhiteElo "2560"]
[BlackElo "2450"]

1.c4 c5 2.Nc3 Nf6 3.Nf3 e6 4.e3 Nc6 5.d4 d5 6.cxd5 exd5 7.Be2 Bd6 8.dxc5 Bxc5
9.O-O O-O 10.b3 a6 11.Bb2 Ba7 12.Rc1 Re8 13.Na4 Ne4 14.Bxa6 Bxe3 15.Rxc6 Nxf2
16.Rxf2 bxc6 17.Bxc8 Qxc8 18.Bd4 Bxf2+ 19.Bxf2 Qg4 20.h3 Qf4 21.Qc2 Qe4 22.Qc1 Rxa4
23.bxa4 Qxa4 24.a3 h6 25.Bc5 Re4 26.Qb2 Rc4 27.Qb8+ Kh7 28.Bf8 Rc1+ 29.Kh2 Qe4
30.Bxg7 Kxg7 31.Qb2+ d4 32.Qxc1 d3 33.Kg3 Qd5 34.a4 c5 35.Qc3+ f6 36.a5 c4
37.Qb4 Qc6 38.Qb6 Qc8 39.a6 c3 40.Qa7+ Kg8 41.Qb7  1-0

[Event "Anibal Open"]
[Site "Linares ESP"]
[Date "2002.03.09"]
[Round "9"]
[White "Beliavsky,A"]
[Black "Magem Badals,J"]
[Result "1/2-1/2"]
[WhiteElo "2649"]
[BlackElo "2502"]

1.c4 c5 2.Nc3 Nf6 3.Nf3 d5 4.cxd5 Nxd5 5.d4 e6 6.e4 Nxc3 7.bxc3 cxd4 8.cxd4 Bb4+
9.Bd2 Bxd2+ 10.Qxd2 O-O 11.Bc4 Nd7 12.O-O b6 13.a4 Bb7 14.Rfe1 Rc8 15.Bd3 a5
16.h3 Qe7 17.Rab1 Rfd8 18.Bb5 Nf6 19.Qd3 Qc7 20.Rb3 h6 21.Qb1 Bc6 22.Bxc6 Qxc6
23.Rb5 Qc2 24.Qxc2 Rxc2 25.Rxb6 Rc4 26.Ne5 Rcxd4 27.Nc6 Rxe4 28.Ra1 Ra8 29.Rb5 Nd5
30.f3 Rf4 31.Ra3 Ra6 32.Nxa5 Nb6 33.Kh2 Rxa4 34.Rxb6 R6xa5 35.Rxa4 Rxa4 36.Rb8+ Kh7
37.Rb7 Kg6 38.Kg3 Kf6 39.h4 e5 40.Rb6+ Kf5 41.Rb7 Kg6 42.Rb5 f6 43.Rb7 h5
44.Rc7 Rd4 45.Rb7 Kh6 46.Rc7 Rb4 47.Re7 Kg6 48.Rc7 Rb8 49.Ra7 Re8 50.Rb7 Kh6
51.Rf7 Kg6 52.Ra7 Rf8 53.Re7 Rf7 54.Re8 Kf5 55.Rh8 g6 56.Ra8 Rb7 57.Ra6 Re7
58.Kh3 e4 59.fxe4+ Rxe4 60.Ra3  1/2-1/2

[Event "ClubCh-EST"]
[Site "Parnu EST"]
[Date "2002.03.09"]
[Round "3"]
[White "Tanav,T"]
[Black "Korchagin,O"]
[Result "0-1"]
[WhiteElo "2230"]
[BlackElo "2144"]

1.Nf3 Nf6 2.c4 c5 3.Nc3 g6 4.e3 Bg7 5.d4 O-O 6.Be2 cxd4 7.exd4 d5 8.cxd5 Nxd5
9.Qb3 e6 10.O-O Nc6 11.Rd1 Qb6 12.Qc4 Na5 13.Qd3 Nb4 14.Qe4 Bd7 15.Be3 Nd5
16.Nxd5 exd5 17.Qxd5 Bc6 18.Qg5 Qxb2 19.Kf1 b6 20.Rdc1 Qa3 21.Rab1 Rad8 22.Bd1 Qxa2
23.Ra1 Qe6 24.Qf4 h6 25.Ne5 g5 26.Qg3 Bd5 27.h4 f6 28.hxg5 fxg5 29.Rc7 Bxe5
30.dxe5 Rf5 31.Rac1 Qxe5 32.Qh3 Nc4 33.Bd4 Qxc7 34.Qxf5 Qf7 35.Qh3 Be6 36.Qc3 Qf4  0-1

[Event "ch-RUS Boys U20"]
[Site "Vladimir RUS"]
[Date "2002.03.09"]
[Round "8"]
[White "Khismatullin,D"]
[Black "Lysyj,I"]
[Result "1/2-1/2"]
[WhiteElo "2449"]
[BlackElo "2330"]

1.c4 Nf6 2.Nf3 c5 3.Nc3 e6 4.g3 b6 5.Bg2 Bb7 6.O-O Be7 7.Re1 Nc6 8.d4 Nxd4
9.Nxd4 Bxg2 10.Kxg2 cxd4 11.Qxd4 O-O 12.e4 d6 13.b3 Qc7 14.Bb2 Rfd8 15.Rac1 Qb7
16.f3 a6 17.Qd3 Nd7 18.Nd1 b5 19.Ne3 b4 20.Ng4 a5 21.Qd4 Nf6 22.Red1 Qc7
23.e5 dxe5 24.Qxe5 Qxe5 25.Nxe5 Rdc8 26.Rc2 a4 27.Re2 h6 28.f4 Kf8 29.Kf3 axb3
30.axb3 Bc5 31.Red2 Kg8 32.g4 g5 33.fxg5 hxg5 34.Nd7 Nxd7 35.Rxd7 Bf8 36.Bf6 Ra3
37.Rd8 Rxb3+ 38.Ke2 Rxd8 39.Rxd8 Rh3 40.Be7 Rxh2+ 41.Kd3 Rg2 42.Bxb4 Rg3+
43.Ke2 Rxg4 44.Rxf8+ Kg7 45.Rc8 f5 46.Rc7+ Kf6 47.Bc3+ e5 48.Rc5 Re4+ 49.Kd3 g4
50.Rc6+ Kf7 51.Ra6 g3 52.Ra2 Rg4 53.Rg2 Ke6 54.Be1 Rd4+ 55.Kc3  1/2-1/2

[Event "TCh-AUT 2001-2"]
[Site "Dornbirn AUT"]
[Date "2002.03.10"]
[Round "11"]
[White "Uhlmann,W"]
[Black "Bischoff,K"]
[Result "1/2-1/2"]
[WhiteElo "2458"]
[BlackElo "2558"]

1.c4 Nf6 2.Nc3 c5 3.Nf3 e6 4.g3 b6 5.Bg2 Bb7 6.O-O Be7 7.d4 cxd4 8.Nxd4 Bxg2
9.Kxg2 Qc8 10.Qa4 Nc6 11.Nxc6 Qxc6+ 12.Qxc6 dxc6  1/2-1/2

[Event "Open"]
[Site "Reykjavik ISL"]
[Date "2002.03.12"]
[Round "6"]
[White "Olafsson,H"]
[Black "Lie,K"]
[Result "1-0"]
[WhiteElo "2474"]
[BlackElo "2388"]

1.c4 Nf6 2.Nc3 e6 3.Nf3 c5 4.g3 d5 5.cxd5 Nxd5 6.Bg2 Nc6 7.O-O Be7 8.d4 cxd4
9.Nxd4 Nxd4 10.Qxd4 Bf6 11.Qc5 Nxc3 12.bxc3 Qb6 13.Be3 Qxc5 14.Bxc5 Bxc3
15.Rab1 a5 16.Bxb7 Bxb7 17.Rxb7 Bf6 18.Rd1 Rc8 19.a4 Rxc5 20.Rb8+ Ke7 21.Rxh8 Rc4
22.Ra8 Rxa4 23.Ra7+ Kf8 24.Rdd7 Ke8 25.Rxf7 Rb4 26.Rfc7 Rb8 27.e3  1-0

[Event "Mediteran Cup IM"]
[Site "Rijeka CRO"]
[Date "2002.03.14"]
[Round "7"]
[White "Ramesa,D"]
[Black "Brkic,A"]
[Result "0-1"]
[WhiteElo "2136"]
[BlackElo "2312"]

1.c4 c5 2.Nc3 Nf6 3.Nf3 d5 4.cxd5 Nxd5 5.g3 Nc6 6.Bg2 Nc7 7.O-O e5 8.d3 Be7
9.Nd2 O-O 10.Nc4 f6 11.Be3 Bd7 12.Qb3 Kh8 13.a4 b6 14.Rfc1 Rb8 15.Qd1 Nb4
16.f4 exf4 17.Bxf4 a6 18.a5 b5 19.Nb6 Bc6 20.Bxc6 Nxc6 21.Ne4 Rb7 22.Be3 Ne6
23.Bf2 Nxa5 24.Rxa5 Rxb6 25.Rca1 Qc8 26.b4 f5 27.Nc3 Qc6 28.e4 fxe4 29.Nxe4 Rc8
30.Qh5 cxb4 31.Bxb6 Qxb6+ 32.Kh1 b3 33.Rxa6 b2 34.Qd1 Qxa6 35.Rxa6 Rc1  0-1